| Tag |
First Indicator |
Second Indicator |
Subfields |
| LEADER |
00000cam a2200000 4500 |
| 001 |
in00000278421 |
| 005 |
20151010071645.0 |
| 008 |
750311s1953 nyu 00000 eng d |
| 010 |
|
|
|a 53012827
|
| 035 |
|
|
|a (OCoLC)01209462
|
| 035 |
|
|
|9 ABE7850AM
|
| 040 |
|
|
|c ORL
|d TXA
|d UtOrBLW
|
| 049 |
|
|
|a TXAM
|c [1331427]
|
| 090 |
|
|
|a BF637.S8
|b S85
|
| 100 |
1 |
|
|a Sweetland, Ben.
|
| 245 |
1 |
0 |
|a I can! :
|b The key to life's golden secrets.
|
| 264 |
|
1 |
|a New York :
|b Cadillac Pub. Co.,
|c [1953]
|
| 264 |
|
4 |
|c [©1953]
|
| 300 |
|
|
|a 281 pages
|
| 336 |
|
|
|a text
|b txt
|2 rdacontent
|
| 337 |
|
|
|a unmediated
|b n
|2 rdamedia
|
| 338 |
|
|
|a volume
|b nc
|2 rdacarrier
|
| 650 |
|
0 |
|a Success.
|
| 999 |
|
|
|a MARS
|
| 999 |
f |
f |
|s ebd8607e-1532-3dfa-96b7-23054d807e7b
|i bfb79a22-1d12-3764-b16e-df2f4e81a4b0
|t 0
|
| 952 |
f |
f |
|p ric
|a Texas A&M University
|b Rellis Campus
|c Joint Library Facility
|d Remote Storage
|t 0
|e BF637.S8 S85
|h Library of Congress classification
|i unmediated -- volume
|m A14801691445
|
| 998 |
f |
f |
|a BF637.S8 S85
|t 0
|l Remote Storage
|